[Event "Teresina-ch"]
[Site "Teresina"]
[Date "2024.03.09"]
[Round "3"]
[White "Neres Da Silva, Marcio"]
[Black "Meneses, Lourenco Teixeira D"]
[Result "0-1"]
[WhiteElo "1870"]
[BlackElo "1956"]
[PlyCount "87"]
[EventDate "2024.03.07"]
[EventType "swiss"]
[EventRounds "6"]
[EventCountry "BRA"]
[SourceTitle "CB11_2024"]
[SourceDate "2024.03.13"]
[SourceVersion "1"]
[SourceVersionDate "2024.03.13"]
[SourceQuality "1"]

1. e4 e5 2. Nf3 Nc6 3. Bb5 a6 4. Ba4 Nf6 5. 0-0 Be7 6. d3 b5 7. Bb3 d6 8. h3 Na5 9. c3 Nxb3 10. axb3 0-0 11. Re1 Re8 12. Nbd2 Bb7 13. Nf1 h6 14. Ng3 Bf8 15. Qc2 d5 16. c4 dxe4 17. dxe4 b4 18. c5 Qd7 19. Be3 Qc6 20. Nd2 a5 21. f3 Qb5 22. Rec1 Re6 23. Bf2 g6 24. Kh2 Nd7 25. Ngf1 Rc6 26. Nc4 Bxc5 27. Qd2 Bxf2 28. Qxd7 Bd4 29. Nfe3 Rc5 30. Qe7 Qc6 31. Nd5 Qe6 32. Qxe6 fxe6 33. Nde3 h5 34. Rd1 Ba6 35. Rdc1 Bc8 36. Ra2 Bxe3 37. Rca1 Bd4 38. Nxa5 Bxb2 39. Nc4 Rxa2 40. Rxa2 Ba3 41. Rd2 Ba6 42. Rd8+ Kf7 43. Ne3 Rc3 44. Nf1 0-1

[Event "Piaui-ch sf1"]
[Site "Teresina"]
[Date "2022.04.10"]
[Round "4"]
[White "Neres Da Silva, Marcio"]
[Black "Carvalho, Lazaro Miranda"]
[Result "0-1"]
[WhiteElo "1801"]
[BlackElo "1941"]
[PlyCount "78"]
[EventDate "2022.04.08"]
[EventType "swiss"]
[EventRounds "5"]
[EventCountry "BRA"]
[SourceTitle "EXT 2023"]
[Source "ChessBase"]
[SourceDate "2022.10.05"]
[SourceVersion "1"]
[SourceVersionDate "2022.10.05"]
[SourceQuality "1"]

1. Nf3 Nf6 2. d4 e6 3. c4 d5 4. g3 Be7 5. Bg2 0-0 6. 0-0 dxc4 7. Qc2 a6 8. Qxc4 b5 9. Qc2 Bb7 10. Bd2 Be4 11. Qc1 Nbd7 12. Ba5 Nb6 13. b3 Rc8 14. Rd1 c5 15. Nc3 cxd4 16. Qf4 Rxc3 17. Bxc3 Nbd5 18. Rxd4 Nxf4 19. Rxd8 Nxe2+ 20. Kf1 Nxg3+ 21. hxg3 Rxd8 22. Ke1 Nd5 23. Bd2 Nb4 24. Bxb4 Bxb4+ 25. Kf1 Bc3 26. Rc1 b4 27. Nh2 Bxg2+ 28. Kxg2 Rd2 29. a3 a5 30. axb4 axb4 31. Nf3 Rb2 32. Nd4 g6 33. Nc6 Rxb3 34. Rd1 Bf6 35. Rd7 Rb1 36. Rb7 b3 37. Na5 b2 38. Nc4 Ra1 39. Nxb2 Rb1 0-1

[Event "Piaui-ch final"]
[Site "Teresina"]
[Date "2021.11.17"]
[Round "5"]
[White "Lima Filho, Jose Pacifico"]
[Black "Neres Da Silva, Marcio"]
[Result "1-0"]
[WhiteElo "1773"]
[BlackElo "1831"]
[PlyCount "91"]
[EventDate "2021.11.11"]
[EventType "tourn"]
[EventRounds "9"]
[EventCountry "BRA"]
[SourceTitle "EXT 2023"]
[Source "ChessBase"]
[SourceDate "2022.10.05"]
[SourceVersion "1"]
[SourceVersionDate "2022.10.05"]
[SourceQuality "1"]

1. d4 Nf6 2. Nf3 c5 3. c3 b6 4. Bf4 Bb7 5. e3 d5 6. Nbd2 a6 7. a4 g6 8. Be2 Bg7 9. Ne5 Nbd7 10. 0-0 Rc8 11. Bf3 0-0 12. Qe2 Ne4 13. Rfd1 e6 14. Nxd7 Qxd7 15. Bxe4 dxe4 16. dxc5 bxc5 17. Nxe4 Qc6 18. f3 Rcd8 19. Rd6 Rxd6 20. Bxd6 Rd8 21. Be7 Rd5 22. Nf6+ Bxf6 23. Bxf6 Qd7 24. Qe1 a5 25. Qc1 Rd2 26. Bd4 Rd3 27. Bxc5 e5 28. b4 Qc7 29. Qc2 Ba6 30. Rd1 axb4 31. cxb4 Rd7 32. Rxd7 Qxd7 33. b5 Bb7 34. e4 f5 35. exf5 gxf5 36. b6 f4 37. Bf2 Qd6 38. h3 Qd5 39. Kh2 Qe6 40. Qc7 Qd5 41. Bc5 h5 42. Qe7 Ba6 43. Qe8+ Kg7 44. Bf8+ Kg8 45. Be7+ Kh7 46. Qxh5+ 1-0

[Event "Teresina Piauiense-ch sf3"]
[Site "Teresina"]
[Date "2021.09.18"]
[Round "3"]
[White "Neres Da Silva, Marcio"]
[Black "Lima Filho, Jose Pacifico"]
[Result "0-1"]
[WhiteElo "1874"]
[BlackElo "1758"]
[PlyCount "82"]
[EventDate "2021.09.17"]
[EventType "swiss"]
[EventRounds "5"]
[EventCountry "BRA"]
[SourceTitle "EXT 2023"]
[Source "ChessBase"]
[SourceDate "2022.10.05"]
[SourceVersion "1"]
[SourceVersionDate "2022.10.05"]
[SourceQuality "1"]

1. d4 d5 2. Nf3 Nf6 3. Bf4 Bf5 4. c4 c6 5. e3 e6 6. a3 Bd6 7. Bxd6 Qxd6 8. c5 Qc7 9. Nc3 Nbd7 10. Bd3 0-0 11. Bxf5 exf5 12. Qc2 f4 13. 0-0 fxe3 14. fxe3 Rfe8 15. Rae1 Re7 16. e4 dxe4 17. Nxe4 Nxe4 18. Rxe4 Rxe4 19. Qxe4 Nf6 20. Qe5 Qd7 21. Qe2 Re8 22. Qd3 Qd5 23. Re1 Rxe1+ 24. Nxe1 Qe6 25. Nf3 Nd5 26. g3 f6 27. Kf2 g6 28. b4 a6 29. Nd2 Qh3 30. Kg1 Qe6 31. Kf2 Qh3 32. Nf3 Qe6 33. Qe2 Kf7 34. Qxe6+ Kxe6 35. Nd2 Nc3 36. Nc4 Kd5 37. Na5 Nb5 38. Nxb7 Nxa3 39. Nd6 Kxd4 40. Kf3 Nc2 41. Ne4 Nxb4 0-1